Peter Pan (Record no. 159882)

MARC details
000 -LEADER
fixed length control field 00626nam a2200229 i 4500
001 - CONTROL NUMBER
control field C2-0216221
003 - CONTROL NUMBER IDENTIFIER
control field PPAK
005 - DATE AND TIME OF LATEST TRANSACTION
control field 20180728104853.0
008 - FIXED-LENGTH DATA ELEMENTS--GENERAL INFORMATION
fixed length control field 990515s xxka|||| ||||| | eng d
020 ## - INTERNATIONAL STANDARD BOOK NUMBER
International Standard Book Number 0721435920
040 ## - CATALOGING SOURCE
Original cataloging agency PPAK
Language of cataloging eng
Transcribing agency PPAK
Description conventions rda
082 04 - DEWEY DECIMAL CLASSIFICATION NUMBER
Classification number 428.6
Edition number 23
090 00 - LOCALLY ASSIGNED LC-TYPE CALL NUMBER (OCLC); LOCAL CALL NUMBER (RLIN)
Classification number (OCLC) (R) ; Classification number, CALL (RLIN) (NR) 428.6
Feature heading PET
Feature heading K
245 00 - TITLE STATEMENT
Title Peter Pan
264 #1 - PRODUCTION, PUBLICATION, DISTRIBUTION, MANUFACTURE, AND COPYRIGHT NOTICE
Place of production, publication, distribution, manufacture Loughborough :
Name of producer, publisher, distributor, manufacturer Ladybird Books ,
Date of production, publication, distribution, manufacture, or copyright notice [date of publication not identified]
300 ## - PHYSICAL DESCRIPTION
Extent 43 pages :
Other physical details colour illustrations ;
Dimensions 18 cm
336 ## - CONTENT TYPE
Source rdacontent
Content type term text
337 ## - MEDIA TYPE
Source rdamedia
Media type term unmediated
338 ## - CARRIER TYPE
Source rdacarrier
Carrier type term volume
650 10 - SUBJECT ADDED ENTRY--TOPICAL TERM
Topical term or geographic name entry element Readers
942 ## - ADDED ENTRY ELEMENTS (KOHA)
-- dc
Koha item type Book
Holdings
Withdrawn Not for loan Current library Shelving location Date acquired Total Checkouts Full call number Barcode Date last seen Date last checked out Koha item type
    Perpustakaan Awam Sungai Petani Pinjaman Kanak-kanak 15/05/1999 1 K 428.6 PET A00254621 29/09/2019 10/09/2019 Book
    Perpustakaan Baling Pinjaman Kanak-kanak 30/03/2003   K 428.6 PET A01023506 01/06/2018   Book
    Perpustakaan Baling Pinjaman Kanak-kanak 30/03/2003   K 428.6 PET A01023507 10/12/2018   Book
    Perpustakaan Kulim Pinjaman Kanak-kanak 15/05/1999   K 428.6 PET A00254623 01/06/2018   Book
    PD19, KEDA Bendang Perang, Kota Setar Pinjaman Kanak-kanak 13/01/2001   K 428.6 PET A00958004 01/06/2018   Book
    PD19, KEDA Bendang Perang, Kota Setar Pinjaman Kanak-kanak 13/01/2001   K 428.6 PET A00958005 01/06/2018   Book